<?xml version="1.0" encoding="UTF-8"?>
<record
    xmlns:xsi="http://www.w3.org/2001/XMLSchema-instance"
    xsi:schemaLocation="http://www.loc.gov/MARC21/slim http://www.loc.gov/standards/marcxml/schema/MARC21slim.xsd"
    xmlns="http://www.loc.gov/MARC21/slim">

  <leader>01213cam a2200253 i 4500</leader>
  <controlfield tag="003">SA-RiAUC</controlfield>
  <controlfield tag="005">20240916064437.0</controlfield>
  <controlfield tag="008">240915s1997    su     g      000r0 ara c</controlfield>
  <datafield tag="040" ind1=" " ind2=" ">
    <subfield code="a">SA-RiAUC</subfield>
    <subfield code="b">ara</subfield>
    <subfield code="c">SA-RiAUC</subfield>
    <subfield code="e">rda</subfield>
  </datafield>
  <datafield tag="082" ind1="0" ind2="4">
    <subfield code="a">257.5</subfield>
    <subfield code="b">&#x628; &#x646; &#x628;</subfield>
  </datafield>
  <datafield tag="100" ind1="1" ind2=" ">
    <subfield code="a">&#x627;&#x644;&#x628;&#x646;&#x628;&#x64A;&#x60C; &#x645;&#x62D;&#x645;&#x62F; &#x628;&#x646; &#x62D;&#x633;&#x646; &#x628;&#x646; &#x625;&#x633;&#x645;&#x627;&#x639;&#x64A;&#x644;&#x60C;</subfield>
    <subfield code="d">&#x62A;&#x648;&#x641;&#x64A; 856 &#x647;&#x62C;&#x631;&#x64A;</subfield>
    <subfield code="e">&#x645;&#x624;&#x644;&#x641;.</subfield>
  </datafield>
  <datafield tag="245" ind1="1" ind2="2">
    <subfield code="a">&#x627;&#x644;&#x62F;&#x64A;&#x628;&#x627;&#x62C; &#x627;&#x644;&#x645;&#x630;&#x647;&#x628; &#x641;&#x64A; &#x623;&#x62D;&#x643;&#x627;&#x645; &#x627;&#x644;&#x645;&#x630;&#x647;&#x628; /</subfield>
    <subfield code="c">&#x62A;&#x623;&#x644;&#x64A;&#x641; &#x623;&#x628;&#x64A; &#x639;&#x628;&#x62F; &#x627;&#x644;&#x644;&#x647; &#x628;&#x62F;&#x631; &#x627;&#x644;&#x62F;&#x64A;&#x646; &#x645;&#x62D;&#x645;&#x62F; &#x628;&#x646; &#x62D;&#x633;&#x646; &#x628;&#x646; &#x625;&#x633;&#x645;&#x627;&#x639;&#x64A;&#x644; &#x628;&#x646; &#x64A;&#x639;&#x642;&#x648;&#x628; &#x627;&#x644;&#x628;&#x646;&#x628;&#x64A; &#x61B; &#x62F;&#x631;&#x627;&#x633;&#x629; &#x648;&#x62A;&#x62D;&#x642;&#x64A;&#x642; &#x645;&#x62D;&#x645;&#x62F; &#x628;&#x646; &#x639;&#x648;&#x636; &#x628;&#x646; &#x62D;&#x627;&#x645;&#x62F; &#x627;&#x644;&#x62B;&#x645;&#x627;&#x644;&#x64A;.</subfield>
  </datafield>
  <datafield tag="250" ind1=" " ind2=" ">
    <subfield code="a">&#x627;&#x644;&#x637;&#x628;&#x639;&#x629; &#x627;&#x644;&#x623;&#x648;&#x644;&#x649;.</subfield>
  </datafield>
  <datafield tag="264" ind1=" " ind2="1">
    <subfield code="a">&#x645;&#x643;&#x629; &#x627;&#x644;&#x645;&#x643;&#x631;&#x645;&#x629; :</subfield>
    <subfield code="b">&#x645;&#x643;&#x62A;&#x628;&#x629; &#x646;&#x632;&#x627;&#x631; &#x645;&#x635;&#x637;&#x641;&#x649; &#x627;&#x644;&#x628;&#x627;&#x632;&#x60C;</subfield>
    <subfield code="c">1998</subfield>
  </datafield>
  <datafield tag="300" ind1=" " ind2=" ">
    <subfield code="a">4 &#x645;&#x62C;&#x644;&#x62F; &#x61B;</subfield>
    <subfield code="c">24 &#x633;&#x645;</subfield>
  </datafield>
  <datafield tag="336" ind1=" " ind2=" ">
    <subfield code="a">&#x646;&#x635;</subfield>
    <subfield code="b">txt</subfield>
    <subfield code="2">rdacontent</subfield>
    <subfield code="3">&#x643;&#x62A;&#x627;&#x628;</subfield>
  </datafield>
  <datafield tag="337" ind1=" " ind2=" ">
    <subfield code="a">&#x628;&#x62F;&#x648;&#x646; &#x648;&#x633;&#x64A;&#x637;</subfield>
    <subfield code="b">n</subfield>
    <subfield code="2">rdamedia</subfield>
  </datafield>
  <datafield tag="338" ind1=" " ind2=" ">
    <subfield code="a">&#x645;&#x62C;&#x644;&#x62F;</subfield>
    <subfield code="b">nc</subfield>
    <subfield code="2">rdacarrier</subfield>
  </datafield>
  <datafield tag="500" ind1=" " ind2=" ">
    <subfield code="a">&#x627;&#x644;&#x623;&#x635;&#x644; &#x623;&#x637;&#x631;&#x648;&#x62D;&#x629; &#x62F;&#x643;&#x62A;&#x648;&#x631;&#x627;&#x647;.</subfield>
  </datafield>
  <datafield tag="650" ind1=" " ind2="7">
    <subfield code="a">&#x627;&#x644;&#x642;&#x636;&#x627;&#x621; &#x641;&#x64A; &#x627;&#x644;&#x625;&#x633;&#x644;&#x627;&#x645;</subfield>
    <subfield code="2">aucsh</subfield>
  </datafield>
  <datafield tag="700" ind1="1" ind2=" ">
    <subfield code="a">&#x627;&#x644;&#x62B;&#x645;&#x627;&#x644;&#x64A;&#x60C; &#x645;&#x62D;&#x645;&#x62F; &#x628;&#x646; &#x639;&#x648;&#x636; &#x628;&#x646; &#x62D;&#x627;&#x645;&#x62F;&#x60C;</subfield>
    <subfield code="d">1377 &#x647;&#x62C;&#x631;&#x64A;-</subfield>
    <subfield code="e">&#x645;&#x62D;&#x642;&#x642;.</subfield>
  </datafield>
  <datafield tag="942" ind1=" " ind2=" ">
    <subfield code="2">ddc</subfield>
    <subfield code="c">BOOK</subfield>
  </datafield>
  <datafield tag="949" ind1=" " ind2=" ">
    <subfield code="a">SA-JeALM</subfield>
    <subfield code="d">240915</subfield>
    <subfield code="u">mohamedma123</subfield>
    <subfield code="n">1</subfield>
  </datafield>
  <datafield tag="952" ind1=" " ind2=" ">
    <subfield code="0">0</subfield>
    <subfield code="1">0</subfield>
    <subfield code="2">ddc</subfield>
    <subfield code="3">&#x627;&#x644;&#x645;&#x62C;&#x644;&#x62F; &#x627;&#x644;&#x627;&#x648;&#x644;</subfield>
    <subfield code="4">0</subfield>
    <subfield code="7">0</subfield>
    <subfield code="a">WAHAB</subfield>
    <subfield code="b">WAHAB</subfield>
    <subfield code="d">2024-09-16</subfield>
    <subfield code="l">0</subfield>
    <subfield code="o">257.5 &#x628; &#x646; &#x628;</subfield>
    <subfield code="p">000000360</subfield>
    <subfield code="r">2024-09-16 06:45:58</subfield>
    <subfield code="w">2024-09-16</subfield>
    <subfield code="y">BOOK</subfield>
  </datafield>
  <datafield tag="952" ind1=" " ind2=" ">
    <subfield code="0">0</subfield>
    <subfield code="1">0</subfield>
    <subfield code="2">ddc</subfield>
    <subfield code="3">&#x627;&#x644;&#x645;&#x62C;&#x644;&#x62F; &#x627;&#x644;&#x62B;&#x627;&#x646;&#x64A;</subfield>
    <subfield code="4">0</subfield>
    <subfield code="7">0</subfield>
    <subfield code="a">WAHAB</subfield>
    <subfield code="b">WAHAB</subfield>
    <subfield code="d">2024-09-16</subfield>
    <subfield code="l">0</subfield>
    <subfield code="o">257.5 &#x628; &#x646; &#x628;</subfield>
    <subfield code="p">000000361</subfield>
    <subfield code="r">2024-09-16 06:45:58</subfield>
    <subfield code="w">2024-09-16</subfield>
    <subfield code="y">BOOK</subfield>
  </datafield>
  <datafield tag="952" ind1=" " ind2=" ">
    <subfield code="0">0</subfield>
    <subfield code="1">0</subfield>
    <subfield code="2">ddc</subfield>
    <subfield code="3">&#x627;&#x644;&#x645;&#x62C;&#x644;&#x62F; &#x627;&#x644;&#x62B;&#x627;&#x644;&#x62B;</subfield>
    <subfield code="4">0</subfield>
    <subfield code="7">0</subfield>
    <subfield code="a">WAHAB</subfield>
    <subfield code="b">WAHAB</subfield>
    <subfield code="d">2024-09-16</subfield>
    <subfield code="l">0</subfield>
    <subfield code="o">257.5 &#x628; &#x646; &#x628;</subfield>
    <subfield code="p">000000362</subfield>
    <subfield code="r">2024-09-16 06:45:58</subfield>
    <subfield code="w">2024-09-16</subfield>
    <subfield code="y">BOOK</subfield>
  </datafield>
  <datafield tag="952" ind1=" " ind2=" ">
    <subfield code="0">0</subfield>
    <subfield code="1">0</subfield>
    <subfield code="2">ddc</subfield>
    <subfield code="3">&#x627;&#x644;&#x645;&#x62C;&#x644;&#x62F; &#x627;&#x644;&#x631;&#x627;&#x628;&#x639;</subfield>
    <subfield code="4">0</subfield>
    <subfield code="7">0</subfield>
    <subfield code="a">WAHAB</subfield>
    <subfield code="b">WAHAB</subfield>
    <subfield code="d">2024-09-16</subfield>
    <subfield code="l">0</subfield>
    <subfield code="o">257.5 &#x628; &#x646; &#x628;</subfield>
    <subfield code="p">000000363</subfield>
    <subfield code="r">2024-09-16 06:45:58</subfield>
    <subfield code="w">2024-09-16</subfield>
    <subfield code="y">BOOK</subfield>
  </datafield>
  <datafield tag="999" ind1=" " ind2=" ">
    <subfield code="c">316</subfield>
    <subfield code="d">316</subfield>
  </datafield>
</record>
